The particulars of a valuable and very desirable freehold estate beautifully sitaute on the banks of the river Thames at Chelsea in the County of Middlesex, consisting of ten substantial brick dwelling houses...which will be sold by auction by Mr Skinner on Tuesday the 1st of July 1777 at Garraway's Coffee House, 'Change Alley, Cornhill...also a leasehold substantial brick dwelling house (no. 9) in Beaufort Street, Chelsea (Record no. 116609)

MARC details
000 -LEADER
fixed length control field 00972cam a22001935a 4500
001 - CONTROL NUMBER
control field L141121
008 - FIXED-LENGTH DATA ELEMENTS--GENERAL INFORMATION
fixed length control field 071029s1777 xxk eng u
035 ## - SYSTEM CONTROL NUMBER
System control number (Sirsi) u141121
100 1# - MAIN ENTRY--PERSONAL NAME
Personal name Skinner
245 04 - TITLE STATEMENT
Title The particulars of a valuable and very desirable freehold estate beautifully sitaute on the banks of the river Thames at Chelsea in the County of Middlesex, consisting of ten substantial brick dwelling houses...which will be sold by auction by Mr Skinner on Tuesday the 1st of July 1777 at Garraway's Coffee House, 'Change Alley, Cornhill...also a leasehold substantial brick dwelling house (no. 9) in Beaufort Street, Chelsea
260 ## - PUBLICATION, DISTRIBUTION, ETC.
Place of publication, distribution, etc. S.l.
Name of publisher, distributor, etc. s.n.
Date of publication, distribution, etc. [1777]
300 ## - PHYSICAL DESCRIPTION
Extent 2 leaves
Dimensions 30 x 19 cm.
340 ## - PHYSICAL MEDIUM
Material base and configuration Printed
351 ## - ORGANIZATION AND ARRANGEMENT OF MATERIALS
Hierarchical level Single item
500 ## - GENERAL NOTE
General note Item presented by N. J. Bateman Esq., F.A.I. on 27 November 1963.
651 4# - SUBJECT ADDED ENTRY--GEOGRAPHIC NAME
Geographic name London
690 ## - LOCAL SUBJECT ADDED ENTRY--TOPICAL TERM (OCLC, RLIN)
Topical term or geographic name as entry element PROPERTY-PROPERTY ACQUISITION AND DISPOSAL-ACQUISITION AND DISPOSAL AT AUCTION
942 ## - ADDED ENTRY ELEMENTS (KOHA)
Suppress in OPAC 0
Holdings
Withdrawn status Lost status Source of classification or shelving scheme Damaged status Not for loan Home library Current library Shelving location Date acquired Total Checkouts Full call number Barcode Date last seen Copy number Price effective from Koha item type
    Dewey Decimal Classification     London London Basement 29/10/2007   BASEMENT BOX 5 141121-1001 06/08/2019 1 06/08/2019 Archive